| 000 | 01122 a2200229 4500 | ||
|---|---|---|---|
| 003 | Nust | ||
| 005 | 20170207153156.0 | ||
| 010 | _a 80016027 | ||
| 020 | _a070579253 | ||
| 040 | _cNust | ||
| 082 | 0 | 0 | _a621.319 |
| 100 | 1 | _aSkrotzki, Bernhardt G. A., | |
| 245 | 1 | 0 |
_aElectric transmission and distribution / _cBernhardt G. A. Skrotzki, editor ; contributors, E. M. Adkins, F. S. Benson, E. L. Michelson. |
| 260 |
_aHuntington, N.Y. : _bR. E. Krieger Pub. Co., _c1980, c1954. |
||
| 300 |
_aix, 448 p. : _bill. ; _c24 cm. |
||
| 500 | _aElectrical Theory (Page-1), Transmission Terminal Facilities (Page-86), Transmission Lines (Page-130), Distributions Systems Mechanical Arrangements (Page-184), Distributions Systems (Page-243), Distributions Systems Capacitors and Transformers (Page-294), Distributions Systems Protection (Page-337), Street Lighting (Page-377), Planning and Load Characteristics (Page-389), Auxiliaries (Page-411), | ||
| 538 | _aAlmirah No.31 Shelf No.3 | ||
| 650 | 0 | _aElectric power distribution. | |
| 700 | 1 | _aAdkins, E. M. | |
| 700 | 1 |
_aBenson, Francis Schaar, _d1895- |
|
| 700 | 1 | _aMichelson, E. L. | |
| 942 |
_2ddc _cBK |
||
| 999 |
_c180754 _d180754 |
||